Fr. Conceicao Rodrigues College of Engineering

The worlds radiobroad casting stations and european FM/TV (Record no. 29579)

MARC details
000 -LEADER
fixed length control field 00350nam a2200145Ia 4500
082 ## - DEWEY DECIMAL CLASSIFICATION NUMBER
Classification number 621.38411
Item number BOT
100 ## - MAIN ENTRY--PERSONAL NAME
Personal name Both/ C.J.
245 ## - TITLE STATEMENT
Title The worlds radiobroad casting stations and european FM/TV
260 ## - PUBLICATION, DISTRIBUTION, ETC.
Name of publisher, distributor, etc. Newness tech. Books
Place of publication, distribution, etc. New Delhi
Date of publication, distribution, etc. 1981
300 ## - PHYSICAL DESCRIPTION
Extent 214
546 ## - LANGUAGE NOTE
Language note ENGLISH
654 ## - SUBJECT ADDED ENTRY--FACETED TOPICAL TERMS
Focus term Computer
942 ## - ADDED ENTRY ELEMENTS (KOHA)
Koha item type BOOK
Holdings
Withdrawn status Lost status Damaged status Not for loan Collection Home library Current library Date acquired Total Checkouts Full call number Barcode Date last seen Date last checked out Price effective from Koha item type
        CRC Fr. Agnel's C.Rodrigues College of Engineering Fr. Agnel's C.Rodrigues- College of Engineering 17/03/2023 2 621.38411 BOT 10138 25/11/2024 30/10/2024 17/03/2023 BOOK